Psychologie a reklama
Psychologie a reklama je nová publikácia autoriek J. Vysekalovej a R. Komárkovej, ktorá sa zamýšľa na všetkým, čím môže psychológia prispieť nie len k reklame, ale i celému komplexu marketingových komunikácií. Úryvok zo IV. kapitoly. Tvorba účinnej reklamy. Ako pomáha psychológia pri tvorbe účinnej...
Salvato in:
| Natura: | Capitolo di libro |
|---|---|
| Lingua: | ceco |
| Soggetti: | |
| Tags: |
Nessun Tag, puoi essere il primo ad aggiungerne!!
|
MARC
| LEADER | 00000naa a2200000 4500 | ||
|---|---|---|---|
| 001 | r040203 | ||
| 005 | 20230607101917.2 | ||
| 041 | 0 | |a cze | |
| 044 | |a CZ | ||
| 245 | 1 | 0 | |a Psychologie a reklama |
| 520 | |a Psychologie a reklama je nová publikácia autoriek J. Vysekalovej a R. Komárkovej, ktorá sa zamýšľa na všetkým, čím môže psychológia prispieť nie len k reklame, ale i celému komplexu marketingových komunikácií. Úryvok zo IV. kapitoly. Tvorba účinnej reklamy. Ako pomáha psychológia pri tvorbe účinnej reklamy. | ||
| 610 | 2 | 0 | |a reklama |
| 610 | 2 | 0 | |a psychológia reklamy |
| 610 | 2 | 0 | |a tvorba reklamy |
| 610 | 2 | 0 | |a komunikácia marketingová |